[Event "RUS-chJ U18"]
[Site "Russia"]
[Date "2000.??.??"]
[Round "?"]
[White "Csyvarev, Andrei"]
[Black "Zaitsev, Vladimir"]
[Result "1/2-1/2"]
[WhiteElo "2361"]
[BlackElo "2239"]
[PlyCount "100"]
[EventDate "2000.??.??"]
[EventType "swiss"]
[EventRounds "11"]
[EventCountry "RUS"]
[SourceTitle "EXT 2001"]
[Source "ChessBase"]
[SourceDate "2000.11.22"]
[SourceVersion "1"]
[SourceVersionDate "2000.11.22"]
[SourceQuality "1"]

1. e4 e6 2. d4 d5 3. Nc3 Nf6 4. e5 Nfd7 5. f4 c5 6. Nf3 Nc6 7. Ne2 cxd4 8. Nexd4 Bc5 9. c3 0-0 10. Bd3 Nxd4 11. cxd4 Be7 12. 0-0 f5 13. exf6 Bxf6 14. Be3 g6 15. Qe2 Nb8 16. b4 Nc6 17. a3 Qb6 18. Qf2 Bd7 19. g4 Ne7 20. b5 Be8 21. Rfc1 Nc8 22. a4 Nd6 23. Rc5 Be7 24. Qc2 Qd8 25. Rc3 Kh8 26. Re1 a6 27. bxa6 b5 28. axb5 Bxb5 29. Bxb5 Nxb5 30. Rc6 Bd6 31. Qd3 Na3 32. Ne5 Bxe5 33. Qxa3 Qd7 34. Rec1 Bxf4 35. Bxf4 Rxf4 36. Rc7 Qd8 37. a7 Qf6 38. Rc8+ Kg7 39. R1c7+ Kh6 40. Qe3 Rxc8 41. Rxc8 Qg5 42. Qh3+ Kg7 43. Rg8+ Kxg8 44. a8Q+ Rf8 45. Qaa3 Qd2 46. Qae3 Qd1+ 47. Kg2 e5 48. Qd3 Qa1 49. dxe5 Qb2+ 50. Kh1 Qa1+ 1/2-1/2

[Event "RUS-chJ U18"]
[Site "Russia"]
[Date "2000.??.??"]
[Round "?"]
[White "Stepanov, Evgeny"]
[Black "Csyvarev, Andrei"]
[Result "1/2-1/2"]
[WhiteElo "2256"]
[BlackElo "2361"]
[PlyCount "98"]
[EventDate "2000.??.??"]
[EventType "swiss"]
[EventRounds "11"]
[EventCountry "RUS"]
[SourceTitle "EXT 2001"]
[Source "ChessBase"]
[SourceDate "2000.11.22"]
[SourceVersion "1"]
[SourceVersionDate "2000.11.22"]
[SourceQuality "1"]

1. d4 f5 2. Nc3 Nf6 3. Bg5 d5 4. Bxf6 exf6 5. e3 Be6 6. Bd3 Nc6 7. Qf3 Qd7 8. a3 0-0-0 9. 0-0-0 h5 10. Nge2 g5 11. h4 f4 12. exf4 Bg4 13. Qxd5 Qxd5 14. Nxd5 Bxe2 15. Bxe2 Rxd5 16. hxg5 Nxd4 17. Bc4 Rd6 18. g4 fxg5 19. fxg5 Nf3 20. Rxd6 cxd6 21. Bd5 Nxg5 22. f4 Nh7 23. Rxh5 Bg7 24. c3 b6 25. Kc2 Kd8 26. g5 Nf8 27. Rxh8 Bxh8 28. Kd3 Nd7 29. b4 Ke7 30. c4 Bb2 31. a4 a5 32. c5 dxc5 33. bxa5 bxa5 34. Kc4 Bc1 35. Kb5 Bxf4 36. Kxa5 Kd6 37. Bg2 Bxg5 38. Kb5 Bd8 39. a5 Bc7 40. Bh3 Ne5 41. Bg2 c4 42. a6 Bb8 43. Kb4 Ba7 44. Bh1 Bd4 45. Bg2 Ke6 46. Be4 Kd6 47. Bg2 Kc7 48. a7 Bxa7 49. Bd5 Kd6 1/2-1/2